¿Qué es el posconflicto? (Record no. 60150)

MARC details
000 -LEADER
campo de control de longitud fija 02251nac a2200253 a 4500
003 - IDENTIFICADOR DE NÚMERO DE CONTROL
campo de control Co-PeBPM
005 - FECHA Y HORA DE LA ÚLTIMA TRANSACCIÓN
campo de control 20241106164912.0
008 - DATOS DE LONGITUD FIJA--INFORMACIÓN GENERAL
campo de control de longitud fija 241106e2016 |||d|||| |||| 00| 0 spa d
020 ## - NÚMERO INTERNACIONAL ESTÁNDAR DEL LIBRO
Número Internacional Estándar del Libro 9789588850603
040 0# - FUENTE DE CATALOGACIÓN
Centro catalogador/agencia de origen Co-PeBPM
Lengua de catalogación spa
Centro/agencia transcriptor Co-PeBPM
Normas de descripción rda
041 ## - CÓDIGO DE IDIOMA
Código de lengua del texto/banda sonora o título independiente spa
082 04 - NÚMERO DE LA CLASIFICACIÓN DECIMAL DEWEY
Número de clasificación 303.660986 M823q
100 1# - ENTRADA PRINCIPAL--NOMBRE DE PERSONA
Nombre de persona Morales, Nieto, Jairo
245 ## - MENCIÓN DEL TÍTULO
Título ¿Qué es el posconflicto?
Resto del título : Colombia después de la guerra : una breve introducción al reto de cómo enfrentar el proceso de transición hacia la reconciliación y la Paz en Colombia
Mención de responsabilidad, etc. / Jairo Morales Nieto
250 ## - MENCION DE EDICION
Mención de edición Segunda edición
260 ## - PUBLICACIÓN, DISTRIBUCIÓN, ETC.
Lugar de publicación, distribución, etc. Bogotá, Colombia
Nombre del editor, distribuidor, etc. : Ediciones B
Fecha de publicación, distribución, etc. , 2016
300 ## - DESCRIPCIÓN FÍSICA
Extensión 196 páginas
Otras características físicas : ilustraciones
Dimensiones ; 22 centímetros
490 ## - MENCIÓN DE SERIE
Mención de serie Colección: Lecturas sobre paz y desarrollo
505 ## - NOTA DE CONTENIDO CON FORMATO
Nota de contenido con formato Contenido: Reconocimiento - Prologo - Introducción - Parte I Enfoque global - Parte II Enfoque local - Parte III Enfoque sectorial - Parte IV Beneficios, financiamiento y evaluación - Parte V La sociedad postconflicto - Parte VI Pleno empleo en la era postconflicto - Parte VII Un estudio de caso - Reflexiones finales - Bibliografía seleccionada del autor sobre paz y desarrollo
520 ## - RESUMEN, ETC.
Sumario, etc. Resumen: Mucho se habla de la paz, y muy poco, de lo qué se debería hacer después de llegar a un acuerdo en La Habana. ¿Qué es el postconflicto?, es una guía y un libro que trae estratégicas primicias para consolidar una verdadera paz después del conflicto armado. Este libro habla del postconflicto como proceso de una transformación social integra!, donde es esencial la creación de una cultura de paz y convivencia humana como la reconstrucción de las condiciones institucionales y materiales para hacerla viable y sostenible en el largo plazo. Su autor, Jairo Morales Nieto, es un experto investigador y asesor en temas de transición hacia la paz y desarrollo. También aborda asuntos relacionados con valoraciones sobre los beneficios de la paz, financiamiento y evaluación de la estrategia postconflicto. Este es un texto indispensable para los agentes multidisciplinarios que quieran profundizar en este trascendental suceso ara el país.
650 14 - PUNTO DE ACCESO ADICIONAL DE MATERIA--TÉRMINO DE MATERIA
Fuente del encabezamiento o término LEMB
Término de materia o nombre geográfico como elemento de entrada Economía
650 14 - PUNTO DE ACCESO ADICIONAL DE MATERIA--TÉRMINO DE MATERIA
Fuente del encabezamiento o término LEMB
Término de materia o nombre geográfico como elemento de entrada Postconflicto armado
Subdivisión geográfica Colombia
942 ## - ELEMENTOS DE ENTRADA SECUNDARIOS (KOHA)
Fuente del sistema de clasificación o colocación Clasificación Decimal Dewey
Tipo de ítem Koha Libros
Suprimir en OPAC No
Holdings
Estatus retirado Estado de pérdida Fuente del sistema de clasificación o colocación Estado de daño No para préstamo Colección Biblioteca de origen Biblioteca actual Fecha de adquisición Total de préstamos Signatura topográfica completa Código de barras Visto por última vez Copia número Precio de reemplazo Tipo de ítem Koha
    Clasificación Decimal Dewey     General BIBLIOTECA SAN JOAQUIN BIBLIOTECA SAN JOAQUIN 06/11/2024   303.660986 M823q 60539 06/11/2024 Ej.1 06/11/2024 Libros

Powered by Koha